Chuyện xưa tích cũ
Chuyện xưa tích cũ là một tập sách kể lại những câu truyện được truyền miệng, được phổ biến ở vùng đất Phương Nam
Đã lưu trong:
| Tác giả chính: | |
|---|---|
| Định dạng: | Sách |
| Năm xuất bản: |
Tp. HCM
Nxb Trẻ
2006
|
| Chủ đề: | |
| Tags: |
Thêm thẻ
Không có thẻ, Hãy là người đầu tiên gắn thẻ bản ghi này!
|
| LEADER | 00728nam a2200145 4500 | ||
|---|---|---|---|
| 082 | |a 398.209597 |b S464N | ||
| 100 | |a Sơn Nam | ||
| 245 | |a Chuyện xưa tích cũ |c Sơn Nam, Tô Nguyệt Đình sưu tầm và giới thiệu | ||
| 260 | |a Tp. HCM |b Nxb Trẻ |c 2006 | ||
| 300 | |a 347 tr. |c 20 cm | ||
| 520 | |a Chuyện xưa tích cũ là một tập sách kể lại những câu truyện được truyền miệng, được phổ biến ở vùng đất Phương Nam | ||
| 653 | |a Văn học hiện đại | ||
| 942 | |2 ddc |c SH | ||
| 999 | |c 2062 |d 2062 | ||
| 952 | |0 0 |1 0 |2 ddc |4 0 |6 398_209597000000000_S464N |7 0 |8 300 |9 30055 |a qbu |b qbu |c D2 |d 2014-12-12 |g 62000 |l 4 |o 398.209597 S464N |p 5051.c1 |r 2018-06-21 |s 2018-06-19 |w 2014-12-12 |y SH |0 0 |6 398_209597000000000_S464N | ||